[Event "Sampa Chess Open - Local Piso Superior (ao lado da Renner) às 19h00"]
[Site "Shopping Metrô Tatuapé - Rua Domingos Agostim, 91, São Paulo/SP 03306-010"]
[Date "2024.01.30"]
[Round "3"]
[Board "17"]
[White "Yokomizo, Wilton"]
[Black "Jenidarchiche, Douglas Rodrigo"]
[Result "0-1"]
[WhiteElo "1395"]
[BlackElo "1845"]
[PlyCount "0"]
[EventDate "2024.01.29"]
[EventRounds "9"]
[EventCountry "BRA"]

1. f4 g6 2. Nf3 d5 3. g3 Bg7 4. Bg2 Nc6 5. c3 Bg4 6. O-O Qd7 7. Na3 h5 8. d4 Nf6
9. Qd3 Ne4 10. Ne5 Nxe5 11. fxe5 Bf5 12. Qf3 O-O-O 13. Nc2 Bh6 14. Ne3 Bxe3+ 15.
Qxe3 Rh7 16. c4 c6 17. cxd5 cxd5 18. Bd2 h4 19. Bxe4 Bxe4 20. Qc3+ Kb8 21. e6 Qxe6
22. Bf4+ Ka8 23. Rac1 Qh3 24. Rf2 g5 25. Qc7 Rhh8 26. Rc3 gxf4 27. Rb3 Qd7 28. Qxf4
hxg3 29. Rxg3 Rdg8 30. Rxg8+ Rxg8+ 31. Kf1 Qa4  0-1

[Event "Sampa Chess Open - Local Piso Superior (ao lado da Renner) às 19h00"]
[Site "Shopping Metrô Tatuapé - Rua Domingos Agostim, 91, São Paulo/SP 03306-010"]
[Date "2024.01.30"]
[Round "3"]
[Board "18"]
[White "Hirota Da Silva, Nilton"]
[Black "Bianchini, Marlon"]
[Result "1-0"]
[WhiteElo "1827"]
[BlackElo "1255"]
[PlyCount "0"]
[EventDate "2024.01.29"]
[EventRounds "9"]
[EventCountry "BRA"]

1. e4 c5 2. b3 e6 3. Nf3 Nc6 4. Bb2 d5 5. exd5 exd5 6. Bb5 Nf6 7. O-O Be7 8. Ne5
Qc7 9. Re1 Be6 10. Nxc6 bxc6 11. Be5 Qc8 12. Bf1 O-O 13. h3 Re8 14. Nc3 Nd7 15. Bg3
Bf6 16. Rb1 Bf5 17. Rxe8+ Qxe8 18. Ba6 Ne5 19. Na4 Qe7 20. Rc1 Bc8 21. Bf1 d4 22.
f4 Nd7 23. Qf3 Bb7 24. Re1 Qd6 25. Bd3 Rd8 26. Nb2 Nb6 27. Nc4 Nxc4 28. Bxc4 Bc8
29. d3 Qd7 30. Qh5 Re8 31. Bxf7+  1-0

[Event "Sampa Chess Open - Local Piso Superior (ao lado da Renner) às 19h00"]
[Site "Shopping Metrô Tatuapé - Rua Domingos Agostim, 91, São Paulo/SP 03306-010"]
[Date "2024.01.30"]
[Round "3"]
[Board "19"]
[White "Van Riemsdijk, Dirk D."]
[Black "Leal, Alexandre Garcia"]
[Result "1-0"]
[WhiteElo "1789"]
[BlackElo "1899"]
[PlyCount "0"]
[EventDate "2024.01.29"]
[EventRounds "9"]
[EventCountry "BRA"]

1. e4 c5 2. Nf3 Nc6 3. d4 cxd4 4. Nxd4 g6 5. c4 Bg7 6. Be3 Nf6 7. Nc3 d6 8. f3 Bd7
9. Qd2 a6 10. Rc1 O-O 11. Be2 Ne8 12. O-O f5 13. exf5 gxf5 14. Nd5 Nxd4 15. Bxd4
Bxd4+ 16. Qxd4 e6 17. Nb6 Rb8 18. Rfd1 Rf7 19. f4 Bc6 20. c5 Rg7 21. Bf1 d5 22. Re1
Nc7 23. b4 Qe8 24. Re5 Qg6 25. a4 h5 26. Rc3 h4 27. Ree3 Re8 28. Re5 Kh7 29. Rh3
Qg4 30. g3 Rh8 31. Re3 Kg8 32. Qf6 Qd1 33. Rxh4 Rxh4 34. Qxh4 Qd4 35. Qd8+ Kh7 36.
Kf2 Qxb4 37. Qh4+ Kg8 38. g4 Qxc5 39. Qd8+ Kh7 40. Nc8 d4 41. Rh3+ Kg6 42. gxf5+
Qxf5 43. Bd3 Be4 44. Rg3+ Kh7 45. Qh4+ Qh5 46. Qxh5+  1-0

[Event "Sampa Chess Open - Local Piso Superior (ao lado da Renner) às 19h00"]
[Site "Shopping Metrô Tatuapé - Rua Domingos Agostim, 91, São Paulo/SP 03306-010"]
[Date "2024.01.30"]
[Round "3"]
[Board "21"]
[White "Carvalho Jr, Celestino"]
[Black "Marra, Eduardo Da Costa"]
[Result "0-1"]
[WhiteElo "1939"]
[BlackElo "2189"]
[PlyCount "0"]
[EventDate "2024.01.29"]
[EventRounds "9"]
[EventCountry "BRA"]

1. d4 Nf6 2. c4 g6 3. Nc3 Bg7 4. Nf3 O-O 5. e3 d6 6. Bd3 Nbd7 7. O-O e5 8. h3 Qe7
9. Bc2 b6 10. b3 Bb7 11. d5 c6 12. dxc6 Bxc6 13. e4 Nc5 14. Re1 Qb7 15. Qe2 Nh5 16.
b4 Ne6 17. b5 Bd7 18. Ba3 Nhf4 19. Qd1 Rfc8 20. Bb3 Nc5 21. Kh2 Be6 22. Ng5 Qe7 23.
Nxe6 fxe6 24. g3 Nfd3 25. Rf1 Rf8 26. Qe2 Nf4 27. gxf4 exf4 28. Qf3 Nd7 29. e5 Nxe5
30. Qe4 Ng4+ 31. Kg1 Bxc3 32. Rac1 Nf6 33. Qxf4 Nh5 34. Qe3 Bf6 35. Rcd1 Rad8 36.
f4 Ng7 37. Rfe1 Rfe8 38. Qe4 Nf5 39. Bb4 Qg7 40. Rd3 Bd4+ 41. Kh2 Qf6 42. Re2 Bc5
43. Bc3 Qh4 44. Qf3 Rd7 45. Bc2 Rf7 46. Qg4 Qd8 47. Rf3 Bd4 48. Bb4 Qc7 49. Bb3 Bc5
50. Bc3 e5 51. Bc2 Ref8 52. fxe5 dxe5 53. Be4 Nd4 54. Rxf7 Rxf7 55. Bxd4 exd4+ 56.
Kg2 Kg7 57. Bd5 Re7 58. Qf3 Rxe2+ 59. Qxe2 Qf4 60. Qf3 Qg5+ 61. Kh1 d3 62. Qg4 Qc1+
63. Kg2 Qg1+ 64. Kf3 Qf2+ 65. Ke4 Qe3#  0-1

[Event "Sampa Chess Open - Local Piso Superior (ao lado da Renner) às 19h00"]
[Site "Shopping Metrô Tatuapé - Rua Domingos Agostim, 91, São Paulo/SP 03306-010"]
[Date "2024.01.30"]
[Round "3"]
[Board "22"]
[White "Batista, Renato Luiz"]
[Black "Ikejiri, Daniel Yoshito"]
[Result "1-0"]
[WhiteElo "2174"]
[BlackElo "1916"]
[PlyCount "0"]
[EventDate "2024.01.29"]
[EventRounds "9"]
[EventCountry "BRA"]

1. e4 c5 2. Nf3 Nc6 3. Bb5 g6 4. O-O Bg7 5. Re1 e5 6. a4 Nge7 7. d3 O-O 8. Be3 d6
9. Nc3 Nd4 10. h3 Nxb5 11. axb5 Bd7 12. Qb1 Qe8 13. b4 b6 14. bxc5 dxc5 15. Nd2 Be6
16. Ra4 Qd7 17. Kh2 Nc8 18. f3 Nd6 19. Nc4 f5 20. Rd1 f4 21. Bf2 g5 22. Qa1 Nc8 23.
Ne2 Qxb5 24. Rb1 Qe8 25. Ra6 Bxc4 26. dxc4 Qe6 27. Bxc5 Re8 28. Qa2 Kh8 29. Nc3 Qc6
30. Bb4 Bf8 31. Bxf8 Rxf8 32. Nd5 Nd6 33. c5 Qxc5 34. Nxb6 Rad8 35. Nd5 Qf2 36. c3
Qg3+ 37. Kg1 Nc8 38. Qf2 Qxf2+ 39. Kxf2 Rf7 40. Rb8 Rfd7 41. Nf6 Rd2+ 42. Kg1 Rd1+
43. Kh2 Kg7 44. Rb7+ Kf8 45. Nxh7+ Kg8 46. Rg6+  1-0

[Event "Sampa Chess Open - Local Piso Superior (ao lado da Renner) às 19h00"]
[Site "Shopping Metrô Tatuapé - Rua Domingos Agostim, 91, São Paulo/SP 03306-010"]
[Date "2024.01.30"]
[Round "3"]
[Board "23"]
[White "Cristino, Felipe Borges"]
[Black "Fernandes De Sousa, Julio Cesar"]
[Result "0-1"]
[WhiteElo "1890"]
[BlackElo "2162"]
[PlyCount "0"]
[EventDate "2024.01.29"]
[EventRounds "9"]
[EventCountry "BRA"]

1. d4 Nf6 2. c4 e6 3. Nc3 d5 4. cxd5 exd5 5. Bg5 Nbd7 6. e3 c6 7. Bd3 Be7 8. Nge2
Nf8 9. Qc2 g6 10. f3 Ne6 11. Bh4 O-O 12. Bf2 b6 13. O-O c5 14. Qd2 a6 15. Bc2 Bb7
16. Kh1 Re8 17. h3 Bf8 18. Rfd1 Bh6 19. Qe1 Qe7 20. Qg1 Rad8 21. Re1 Nf8 22. Nf4
N8d7 23. g4 cxd4 24. exd4 Qd6 25. Nd3 Bg7 26. Bg3 Qc6 27. Ne5 Nxe5 28. Bxe5 b5 29.
a3 h5 30. Bd3 Re6 31. Re2 hxg4 32. hxg4 Nd7 33. Bxg7 Kxg7 34. Rae1 Rh8+ 35. Rh2 Rxh2+
36. Kxh2 b4 37. Rxe6 Qxe6 38. axb4 Qd6+ 39. Qg3 Qxb4 40. Qc7 Qxb2+ 41. Kg3 Nf8 42.
Qe5+ Kh7 43. Nxd5 Bxd5 44. Qxd5 Ne6 45. Bxa6 Qa1 46. f4 Qxa6 47. f5 Qd3+ 48. Kh2
gxf5 49. gxf5 Qxd4 50. Qb5 Qf2+ 51. Kh3 Qf3+ 52. Kh4 Qf4+ 53. Kh3 Ng5+ 54. Kg2 Qf3+
55. Kh2 Qf2+ 56. Kh1 Nf3  0-1

[Event "Sampa Chess Open - Local Piso Superior (ao lado da Renner) às 19h00"]
[Site "Shopping Metrô Tatuapé - Rua Domingos Agostim, 91, São Paulo/SP 03306-010"]
[Date "2024.01.30"]
[Round "3"]
[Board "24"]
[White "Awoki, Daniel Teidi"]
[Black "Santos, Abel Cardoso Dos"]
[Result "1-0"]
[WhiteElo "2152"]
[BlackElo "1854"]
[PlyCount "0"]
[EventDate "2024.01.29"]
[EventRounds "9"]
[EventCountry "BRA"]

1. c4 Nf6 2. g3 g6 3. Bg2 Bg7 4. Nc3 c6 5. Nf3 d6 6. O-O e5 7. d3 O-O 8. Rb1 a5 9.
a3 Qe7 10. b4 axb4 11. axb4 h6 12. b5 d5 13. e4 d4 14. Na4 Nbd7 15. Qb3 c5 16. b6
Ne8 17. Ba3 Ra5 18. Bh3 Qd6 19. Kg2 f5 20. Nh4 Qc6 21. Nb2 fxe4 22. dxe4 Qxe4+ 23.
Kg1 Qc6 24. Bg2 e4 25. Rfe1 Qf6 26. Bxe4 Qxf2+ 27. Kh1 Ne5 28. Nd3 Nxd3 29. Qxd3
Nf6 30. Nxg6 Nxe4 31. Qxe4 Qf3+ 32. Qxf3 Rxf3 33. Ne7+ Kh7 34. Nxc8 Raxa3 35. Kg2
Rfc3 36. Nd6 Rc2+ 37. Kh3 Kg6 38. Nxb7 Raa2 39. Rh1 Be5 40. Nxc5 Rxc4 41. Nd7 Bd6
42. b7 Ra5 43. Rb6 Rh5+ 44. Kg2 Rc2+ 45. Kf3 Rf5+ 46. Ke4 Re2+ 47. Kxd4 Rd2+ 48.
Kc3 Rff2 49. Rc1 Kf5 50. Rxd6  1-0

[Event "Sampa Chess Open - Local Piso Superior (ao lado da Renner) às 19h00"]
[Site "Shopping Metrô Tatuapé - Rua Domingos Agostim, 91, São Paulo/SP 03306-010"]
[Date "2024.01.30"]
[Round "3"]
[Board "25"]
[White "Correa, Joao Pedro Vieira"]
[Black "Saito, Vinicius"]
[Result "1-0"]
[WhiteElo "1864"]
[BlackElo "2147"]
[PlyCount "0"]
[EventDate "2024.01.29"]
[EventRounds "9"]
[EventCountry "BRA"]

1. e4 c5 2. Nf3 Nc6 3. Bb5 g6 4. Bxc6 dxc6 5. d3 Bg7 6. h3 e5 7. Be3 Qe7 8. Nc3 Nf6
9. Qd2 O-O 10. Bh6 Nh5 11. Bxg7 Nxg7 12. Ne2 f6 13. O-O Ne6 14. Nh2 Qd6 15. Qe3 b6
16. f4 exf4 17. Nxf4 Qd4 18. Qxd4 cxd4 19. Nxe6 Bxe6 20. Nf3 Rad8 21. Nh4 Kg7 22.
Rf2 Rf7 23. Raf1 c5 24. Kh2 b5 25. b3 a5 26. g4 h6 27. Ng2 Rd6 28. Nf4 Re7 29. Kg3
Bf7 30. h4 Re5 31. Nh3 Bg8 32. g5 hxg5 33. hxg5 fxg5 34. Rf8 c4 35. Ra8 Be6 36. Rxa5
cxd3 37. cxd3 Rc5 38. b4 Rc3 39. Nxg5 Rxd3+ 40. Kh4 Kh6 41. Ra7 Rd2 42. Rh7#  1-0

[Event "Sampa Chess Open - Local Piso Superior (ao lado da Renner) às 19h00"]
[Site "Shopping Metrô Tatuapé - Rua Domingos Agostim, 91, São Paulo/SP 03306-010"]
[Date "2024.01.30"]
[Round "3"]
[Board "26"]
[White "Martins De Aguiar, Marina"]
[Black "Ribeiro, Matheus Mendes Domingues"]
[Result "0-1"]
[WhiteElo "1862"]
[BlackElo "2130"]
[PlyCount "0"]
[EventDate "2024.01.29"]
[EventRounds "9"]
[EventCountry "BRA"]

1. e4 e6 2. d4 d5 3. Nd2 Nc6 4. c3 e5 5. Ngf3 exd4 6. cxd4 dxe4 7. Nxe4 Bb4+ 8. Nc3
Nf6 9. h3 O-O 10. Bc4 Ne4 11. Bd2 Nxd2 12. Qxd2 Re8+ 13. Be2 Qe7 14. Kf1 Bf5 15.
Bb5 Red8 16. Bxc6 bxc6 17. Qf4 Bd3+ 18. Kg1 Bd6 19. Qe3 Qxe3 20. fxe3 c5 21. Rd1
cxd4 22. Nxd4 Bg6 23. Kf2 Re8 24. Ncb5 Be5 25. Nc6 Be4 26. Nxe5 Rxe5 27. Nd4 Rb8
28. Rd2 Rc5 29. b3 Rd5 30. Rhd1 Rbd8 31. b4 g6 32. g4 a5 33. b5 Rc5 34. Rb2 Rd6 35.
Kg3 Rc3 36. Kf4 Bb7 37. Ra1 f6 38. Rd1 Rc4 39. Kg3 a4 40. Rd3 Be4 41. Rdd2 Kf7 42.
Kf4 Bb7 43. Rd1 Rd5 44. Kg3 h5 45. Rf2 Rc3 46. Re2 hxg4 47. hxg4 Bc8 48. Kf4 Bb7
 0-1

[Event "Sampa Chess Open - Local Piso Superior (ao lado da Renner) às 19h00"]
[Site "Shopping Metrô Tatuapé - Rua Domingos Agostim, 91, São Paulo/SP 03306-010"]
[Date "2024.01.30"]
[Round "3"]
[Board "27"]
[White "Do Nascimento, Christian Almeida"]
[Black "Rigonati, Eduardo Enrico Santana"]
[Result "1-0"]
[WhiteElo "2123"]
[BlackElo "1827"]
[PlyCount "0"]
[EventDate "2024.01.29"]
[EventRounds "9"]
[EventCountry "BRA"]

1. d4 Nf6 2. Bg5 Nc6 3. Nf3 d6 4. Nc3 Bg4 5. e3 e5 6. Bb5 exd4 7. Qxd4 Bd7 8. Qh4
Be7 9. O-O-O h6 10. Rhe1 Nh7 11. Bxe7 Qxe7 12. Qa4 Nf6 13. e4 O-O 14. Nd5 Qd8 15.
Nxf6+ Qxf6 16. e5 Qg6 17. exd6 cxd6 18. Qf4 Ne5 19. Bxd7 Nxd7 20. Rxd6 Nf6 21. Nh4
Qg5 22. Qxg5 hxg5 23. Nf5 Rfe8 24. Rdd1 Kf8 25. Nd6 Rxe1 26. Rxe1 b6 27. Re5 Rd8
28. Ne4 Nxe4 29. Rxe4 Rd5 30. c4 Rd6 31. Kc2 f5 32. Re5 g6 33. Kc3 Rd1 34. f3 Kf7
35. Re2 Kf6 36. b4 Rh1 37. h3 g4 38. hxg4 fxg4 39. fxg4 Kg5 40. c5 bxc5 41. bxc5
Kf6 42. Kc4 Rc1+ 43. Kd5 a5 44. Kd6 Rd1+ 45. Kc7 a4 46. c6 a3 47. Re3 Rd2 48. Rxa3
Ke6 49. Kb7 Rb2+ 50. Rb3  1-0

[Event "Sampa Chess Open - Local Piso Superior (ao lado da Renner) às 19h00"]
[Site "Shopping Metrô Tatuapé - Rua Domingos Agostim, 91, São Paulo/SP 03306-010"]
[Date "2024.01.30"]
[Round "3"]
[Board "28"]
[White "Deus Filho, Joaquim De"]
[Black "Cueto, Jonny"]
[Result "0-1"]
[WhiteElo "1848"]
[BlackElo "2108"]
[PlyCount "0"]
[EventDate "2024.01.29"]
[EventRounds "9"]
[EventCountry "BRA"]

1. e4 d6 2. f4 c6 3. Nf3 d5 4. Nc3 dxe4 5. Nxe4 Bg4 6. h3 Bxf3 7. Qxf3 e6 8. b3 Nf6
9. Bb2 Nxe4 10. Qxe4 Qh4+ 11. Kd1 Nd7 12. d4 Bd6 13. Bc1 g5 14. Bd3 Bxf4 15. Bxf4
Qxf4 16. Qxf4 gxf4 17. Rf1 Rg8 18. Rf2 Rg7 19. Bf1 f5 20. Rxf4 Nf6 21. Kc1 O-O-O
22. c3 Rg3 23. Kb2 Nd5 24. Rf3 Rxf3 25. gxf3 Rg8 26. Re1 Rg1 27. c4 Nf4 28. Kc2 Kd7
29. Kd2 Rh1 30. d5 exd5 31. cxd5 Rh2+ 32. Kc1 cxd5 33. a4 Kd6 34. Rd1 h5 35. b4 h4
36. a5 a6  0-1

[Event "Sampa Chess Open - Local Piso Superior (ao lado da Renner) às 19h00"]
[Site "Shopping Metrô Tatuapé - Rua Domingos Agostim, 91, São Paulo/SP 03306-010"]
[Date "2024.01.30"]
[Round "3"]
[Board "29"]
[White "De Albuquerque, Ian Telek C."]
[Black "Dias, Clara"]
[Result "1-0"]
[WhiteElo "2089"]
[BlackElo "1717"]
[PlyCount "0"]
[EventDate "2024.01.29"]
[EventRounds "9"]
[EventCountry "BRA"]

1. e4 c5 2. Nf3 d6 3. d4 cxd4 4. Nxd4 Nf6 5. Nc3 a6 6. h3 e5 7. Nf3 Be6 8. g4 h6
9. g5 hxg5 10. Nxg5 Nc6 11. Be3 d5 12. exd5 Nxd5 13. Nxe6 fxe6 14. Qg4 Qf6 15. Nxd5
exd5 16. O-O-O Qf7 17. Kb1 Be7 18. Bg2 d4 19. Bd2 Rh4 20. Qe2 Qf5 21. Rhe1 Bf6 22.
f4 Rc8 23. Be4 Qd7 24. fxe5 Nxe5 25. Qf2 Kd8 26. Ba5+ Ke7 27. Bf5 Qb5 28. Bxc8 Qxa5
29. Bxb7 Kf8 30. Re4 Rxh3 31. Qf5 Rf3 32. Qc8+ Kf7 33. Rxe5 Qxe5 34. Bxf3 d3 35.
Qb7+ Kf8 36. cxd3 Qd4 37. Bd5 g5 38. Qf7#  1-0

[Event "Sampa Chess Open - Local Piso Superior (ao lado da Renner) às 19h00"]
[Site "Shopping Metrô Tatuapé - Rua Domingos Agostim, 91, São Paulo/SP 03306-010"]
[Date "2024.01.30"]
[Round "3"]
[Board "30"]
[White "Sanches De Carvalho, Fabio"]
[Black "Vargas, Gabriela"]
[Result "0-1"]
[WhiteElo "1838"]
[BlackElo "2084"]
[PlyCount "0"]
[EventDate "2024.01.29"]
[EventRounds "9"]
[EventCountry "BRA"]

1. d4 e6 2. c4 d5 3. Nc3 h6 4. Nf3 Nf6 5. cxd5 exd5 6. Bf4 Bd6 7. Bxd6 Qxd6 8. e3
c6 9. Bd3 O-O 10. O-O Bg4 11. h3 Bxf3 12. Qxf3 Nbd7 13. Ne2 Rfe8 14. Ng3 Qe6 15.
Nf5 Nf8 16. Rad1 Ne4 17. h4 Rad8 18. Rfe1 Ng6 19. h5 Ne7 20. Ng3 Nc8 21. Qf4 Ncd6
22. Nf1 Qf6 23. Qxf6 Nxf6 24. Ng3 Nde4 25. Nxe4 dxe4 26. Be2 Rd5 27. Rc1 Nxh5 28.
b4 Nf6 29. a4 a6 30. Rc5 Red8 31. Rec1 Rxc5 32. bxc5 Nd5 33. Bc4 Rd7 34. a5 Kf8 35.
Rc2 Ke7 36. Kf1 Kd8 37. Ke2 Kc7 38. Kd2 Re7 39. Rc1 Re6 40. Ke2 Rg6 41. g3 f5 42.
Rh1 Rf6 43. Rh5 g5 44. Ke1 Ne7 45. Bb3 Kd7 46. Ke2 Nd5 47. Bc2 Ke7 48. Rh1 Ke6 49.
Kd2 Kd7 50. Rb1 Kc7  0-1

[Event "Sampa Chess Open - Local Piso Superior (ao lado da Renner) às 19h00"]
[Site "Shopping Metrô Tatuapé - Rua Domingos Agostim, 91, São Paulo/SP 03306-010"]
[Date "2024.01.30"]
[Round "3"]
[Board "31"]
[White "Kropff, Ricardo"]
[Black "De Paula, Bruno Cesar Lima"]
[Result "1-0"]
[WhiteElo "2052"]
[BlackElo "1676"]
[PlyCount "0"]
[EventDate "2024.01.29"]
[EventRounds "9"]
[EventCountry "BRA"]

1. e4 e5 2. f4 d5 3. exd5 exf4 4. Nf3 Bg4 5. d4 Qxd5 6. Bxf4 Nc6 7. Be2 O-O-O 8.
c3 Qe4 9. Bg3 Bd6 10. Bxd6 Rxd6 11. Nbd2 Qe7 12. O-O Nf6 13. Bb5 Qe3+ 14. Kh1 Ne4
15. Nxe4 Qxe4 16. Ng5 Qxg2+ 17. Kxg2 Bxd1 18. Nxf7 Rg6+ 19. Kh1 Bc2 20. Rae1 Rg8
21. Re2 a6 22. Bc4 b5 23. Nd6+ cxd6 24. Bxg8 Bd3 25. Rf8+ Kd7 26. Re3 Bb1 27. Bxh7
Rg5 28. Rf7+ Kd8 29. Bxb1  1-0

[Event "Sampa Chess Open - Local Piso Superior (ao lado da Renner) às 19h00"]
[Site "Shopping Metrô Tatuapé - Rua Domingos Agostim, 91, São Paulo/SP 03306-010"]
[Date "2024.01.30"]
[Round "3"]
[Board "33"]
[White "Lima, Hamilton Da Silva"]
[Black "Santos, Isaque Goncalves"]
[Result "1-0"]
[WhiteElo "1778"]
[BlackElo "1996"]
[PlyCount "0"]
[EventDate "2024.01.29"]
[EventRounds "9"]
[EventCountry "BRA"]

1. e4 e6 2. d4 d5 3. Bd3 Nf6 4. e5 Nfd7 5. Nf3 c5 6. c3 Nc6 7. O-O a5 8. a4 cxd4
9. cxd4 Nb4 10. Bb5 Be7 11. Ne1 O-O 12. f4 f5 13. Ra3 Nb8 14. Rh3 N8c6 15. Be3 Rf7
16. Nf3 Na7 17. Ng5 Bxg5 18. fxg5 Nxb5 19. axb5 g6 20. Rf4 Bd7 21. Nc3 Qb6 22. Qe2
Rc8 23. Rh6 Rg7 24. h4 Be8 25. g4 Qc7 26. gxf5 exf5 27. Rf1 Qc4 28. Qf3 Bxb5 29.
Nxb5 Qxb5 30. h5 Rc2 31. hxg6 hxg6 32. e6 Rc6 33. Rxg6 Rxg6 34. Qxf5 Qxf1+ 35. Kxf1
Rcxe6 36. Bf4 Nc6 37. Qxd5 Kf7 38. Qf5+ Ke7 39. d5 Nd4 40. Qd3 Rb6 41. Qxd4 Rb4 42.
Qc5+  1-0

[Event "Sampa Chess Open - Local Piso Superior (ao lado da Renner) às 19h00"]
[Site "Shopping Metrô Tatuapé - Rua Domingos Agostim, 91, São Paulo/SP 03306-010"]
[Date "2024.01.30"]
[Round "3"]
[Board "34"]
[White "Fernandez Barrero, Javier"]
[Black "Simeao, Miguel Roberto Ranieri"]
[Result "0-1"]
[WhiteElo "1743"]
[BlackElo "1962"]
[PlyCount "0"]
[EventDate "2024.01.29"]
[EventRounds "9"]
[EventCountry "BRA"]

1. e4 c6 2. d4 d5 3. e5 Bf5 4. f4 e6 5. Nf3 Nd7 6. Bd3 Bxd3 7. Qxd3 Ne7 8. Be3 Nf5
9. Bf2 h5 10. Nbd2 Be7 11. Nf1 Qb6 12. Ne3 Nxe3 13. Bxe3 g6 14. O-O Qb5 15. a4 Qxd3
16. cxd3 a5 17. Rfc1 Bb4 18. Bd2 Bxd2 19. Nxd2 h4 20. Kf2 Rh5 21. Nb3 Ra7 22. Rc2
Nb8 23. Rc5 b6 24. Rc3 Kd7 25. Rac1 Rc7 26. Na1 Na6 27. Nc2 Rc8 28. Rb3 Kc7 29. Na3
Kb7 30. Nc2 Rf5 31. Ke3 Rg8 32. Rf1 g5 33. Ne1 c5 34. dxc5 Nxc5 35. Ra3 gxf4+ 36.
Rxf4 Rxe5+ 37. Kd2 Rf5 38. Rxh4 Rf2+ 39. Kc3 Re2 40. Ra1 Rc8 41. d4 Ne4+ 42. Kb3
Rc4 43. Rd1 Rb4+ 44. Ka3 Rexb2 45. Rd3 Nd2  0-1

[Event "Sampa Chess Open - Local Piso Superior (ao lado da Renner) às 19h00"]
[Site "Shopping Metrô Tatuapé - Rua Domingos Agostim, 91, São Paulo/SP 03306-010"]
[Date "2024.01.30"]
[Round "3"]
[Board "35"]
[White "Pittoli, Vinicius Eduardo Moreir"]
[Black "De Souza, Ricardo Alves"]
[Result "1-0"]
[WhiteElo "1648"]
[BlackElo "1322"]
[PlyCount "0"]
[EventDate "2024.01.29"]
[EventRounds "9"]
[EventCountry "BRA"]

1. e4 c6 2. d4 d5 3. Nc3 dxe4 4. Nxe4 Nf6 5. Nxf6+ exf6 6. c3 Bd6 7. Nf3 O-O 8. Bd3
Re8+ 9. Be3 Bf4 10. Qd2 Nd7 11. O-O-O Bxe3 12. fxe3 Nf8 13. e4 b5 14. e5 a5 15. Rhf1
f5 16. g4 fxg4 17. Ng5 Qd5 18. b3 Be6 19. Be4 Qd7 20. Qf4 Ng6 21. Qg3 Qe7 22. Nxe6
Qxe6 23. Rf2 Rac8 24. Bf5 Qe7 25. Bxc8 Rxc8 26. Qxg4 Rf8 27. Rdf1 a4 28. b4 a3 29.
h4 Nxh4 30. Rh1 Ng6 31. Rxh7 Kxh7 32. Qh5+ Kg8 33. Rh2 f5 34. Qxg6 Qe8 35. Qh7+ Kf7
36. Qxf5+ Ke7 37. Qg5+ Kd7 38. Qxg7+ Kc8 39. Rh7  1-0

[Event "Sampa Chess Open - Local Piso Superior (ao lado da Renner) às 19h00"]
[Site "Shopping Metrô Tatuapé - Rua Domingos Agostim, 91, São Paulo/SP 03306-010"]
[Date "2024.01.30"]
[Round "3"]
[Board "36"]
[White "Usui, Gabriella Yumi"]
[Black "Da Rocha, Lucas Sampaio"]
[Result "0-1"]
[WhiteElo "1448"]
[BlackElo "1647"]
[PlyCount "0"]
[EventDate "2024.01.29"]
[EventRounds "9"]
[EventCountry "BRA"]

1. d4 Nf6 2. Nf3 g6 3. g3 Bg7 4. Bg2 O-O 5. O-O d6 6. b3 c6 7. Bb2 Na6 8. c4 Bf5
9. Nc3 Ne4 10. Nh4 Nxc3 11. Bxc3 Be6 12. Qd2 d5 13. e4 Nc7 14. Rfd1 Qd7 15. Rac1
Rfd8 16. Qc2 Rac8 17. Qe2 b5 18. cxd5 cxd5 19. e5 Na8 20. Bf1 Rb8 21. Ba5 Rdc8 22.
Qd2 Bh3 23. Rxc8+ Rxc8 24. Rc1 Bxf1 25. Kxf1 Bf8 26. Rc3 e6 27. Qc2 Nb6 28. Rxc8
Qxc8 29. Qxc8 Nxc8 30. Nf3 Ba3 31. Ke2 Ne7 32. Bc7 Kf8 33. Ne1 Nc6 34. Nc2 Be7 35.
a3 Ke8 36. b4 Kd7 37. Ba5 f6 38. f4 g5 39. Kd3 gxf4 40. gxf4 Ke8 41. Bc7 Kf7 42.
Ne3 h5 43. f5 fxe5 44. dxe5 Bg5 45. fxe6+ Kxe6 46. Nc2 Bf4 47. h3 Bxe5 48. Bxe5 Kxe5
49. Ke3 d4+ 50. Kf3 Kf5 51. Kg3 Ke4 52. Nxd4 Nxd4 53. Kh4 Ne6 54. Kxh5 Nf4+ 55. Kg5
Nxh3+ 56. Kf6 Kd5 57. Ke7 Kc6 58. Ke6 Nf4+ 59. Ke5 Nd3+ 60. Kd4 Nb2 61. Kc3 Nc4 62.
a4 a6 63. a5 Kd5 64. Kd3 Ke5 65. Kc3 Ke4 66. Kc2 Kd4 67. Kb3 Kd3  0-1

[Event "Sampa Chess Open - Local Piso Superior (ao lado da Renner) às 19h00"]
[Site "Shopping Metrô Tatuapé - Rua Domingos Agostim, 91, São Paulo/SP 03306-010"]
[Date "2024.01.30"]
[Round "3"]
[Board "37"]
[White "Bomeisel, Pedro Rangel"]
[Black "Munhoz, Joao Pedro"]
[Result "0-1"]
[WhiteElo "1385"]
[BlackElo "1608"]
[PlyCount "0"]
[EventDate "2024.01.29"]
[EventRounds "9"]
[EventCountry "BRA"]

1. e4 c5 2. Nc3 Nc6 3. g3 g6 4. Bg2 Bg7 5. d3 e6 6. Be3 b6 7. f4 Nge7 8. Nf3 O-O
9. d4 cxd4 10. Nxd4 Bb7 11. O-O d5 12. exd5 exd5 13. Qd2 Qd7 14. Nce2 Rfe8 15. Rad1
Rad8 16. Rfe1 h6 17. c3 Kh7 18. Qc2 Ng8 19. Bf2 f5 20. Nxc6 Qxc6 21. Nd4 Qd7 22.
Qd2 Nf6 23. Nc2 Rxe1+ 24. Rxe1 Ne4 25. Bxe4 dxe4 26. Bd4 Qd5 27. Re3 Qxa2 28. Nb4
Qc4 29. Nc2 Ba6 30. Re1 Bb7 31. Ne3 Bxd4 32. cxd4 Qxd4 33. Qxd4 Rxd4 34. Ra1 a6 35.
Rc1 Rd7 36. Nc4 Rc7 37. Rd1 Rxc4 38. Rd7+ Kg8 39. Rxb7 Rc1+ 40. Kf2 Rc2+ 41. Ke3
Rxb2 42. Kd4 Rb5  0-1

[Event "Sampa Chess Open - Local Piso Superior (ao lado da Renner) às 19h00"]
[Site "Shopping Metrô Tatuapé - Rua Domingos Agostim, 91, São Paulo/SP 03306-010"]
[Date "2024.01.30"]
[Round "3"]
[Board "38"]
[White "Aragao Neto, Joao Batista"]
[Black "Baena, Mauricio"]
[Result "1-0"]
[WhiteElo "1585"]
[BlackElo "1180"]
[PlyCount "0"]
[EventDate "2024.01.29"]
[EventRounds "9"]
[EventCountry "BRA"]

1. d4 c6 2. c4 d5 3. cxd5 cxd5 4. Nc3 Nc6 5. Bf4 Bf5 6. e3 Nf6 7. h3 e6 8. Nf3 Bd6
9. Bxd6 Qxd6 10. Nh4 O-O 11. Nxf5 exf5 12. Bd3 Ne4 13. Qf3 Nb4 14. Bb1 Qa6 15. Qe2
Qxe2+ 16. Kxe2 g6 17. a3 Nxc3+ 18. bxc3 Na6 19. Ba2 Rfd8 20. Rab1 b6 21. c4 Nc7 22.
Rhc1 Rd7 23. cxd5 Nxd5 24. Bxd5 Rxd5 25. Rc7 f4 26. Rbc1 Re8 27. Kf3 fxe3 28. fxe3
Ra5 29. R1c3 Kg7 30. e4 Ra4 31. R7c4 Ra6 32. Kf4 b5 33. Rb4 Rf6+ 34. Ke3 a6 35. d5
Rf1 36. Kd4 Rd1+ 37. Rd3 Re1 38. Re3 Rd1+ 39. Kc5 Rc1+ 40. Kb6 Rcc8 41. Kxa6 Re7
42. Kxb5 Re5 43. Rd4 f5 44. a4 Re7 45. a5 Rb7+ 46. Ka4 Rcb8 47. e5 Rb1 48. d6 Kf7
49. e6+ Kf6 50. e7 Ra1+ 51. Ra3 Rxa3+ 52. Kxa3 Ke6 53. Ka4 Ra8 54. Kb5 h5 55. a6
g5 56. Kb6 g4 57. Kb7 gxh3 58. gxh3 Re8 59. a7  1-0